Central Library OPAC University of Rajshahi

The making of a national theatre./ (Record no. 76402)

MARC details
000 -LEADER
fixed length control field 00743cam a2200253u 4500
001 - CONTROL NUMBER
control field 76402
003 - CONTROL NUMBER IDENTIFIER
rucl marc code BD-RjUL
005 - DATE AND TIME OF LATEST TRANSACTION
control field 20211209082833.0
008 - FIXED-LENGTH DATA ELEMENTS--GENERAL INFORMATION
fixed length control field 191202s1951 enka 000 0 eng
035 ## - SYSTEM CONTROL NUMBER
System control number (BD-RjUL)76623
040 ## - CATALOGING SOURCE
Original cataloging agency DLC
Transcribing agency CarP
Modifying agency DLC
Language of cataloging eng
041 ## - LANGUAGE CODE
Language code of text/sound track or separate title eng
043 ## - GEOGRAPHIC AREA CODE
Geographic area code e-uk---
082 ## - DEWEY DECIMAL CLASSIFICATION NUMBER
Edition number 23
Classification number 792.09
Author mark and year WHM 1951
100 1# - MAIN ENTRY--PERSONAL NAME
Personal name Whitworth, Geoffrey Arundel,
Dates associated with a name 1883-1951.
9 (RLIN) 107586
245 14 - TITLE STATEMENT
Title The making of a national theatre./
Statement of responsibility, etc. Geoffrey Whitworth
260 ## - PUBLICATION, DISTRIBUTION, ETC. (IMPRINT)
Place of publication, distribution, etc. London:
Name of publisher, distributor, etc. Faber and Faber ,
Date of publication, distribution, etc. [1951]
300 ## - PHYSICAL DESCRIPTION
Pagination 308 p. :
Illustrations illus.;
Size 23 cm.
650 #0 - SUBJECT ADDED ENTRY--TOPICAL TERM
Topical term or geographic name as entry element Theater
Geographic subdivision Great Britain.
9 (RLIN) 235859
906 ## - LOCAL DATA ELEMENT F, LDF (RLIN)
a 0
b cbc
c premunv
d u
e ncip
f 19
g y-gencatlg
942 ## - ADDED ENTRY ELEMENTS (KOHA)
Source of classification or shelving scheme Dewey Decimal Classification
Koha item type Books
Holdings
Lost status Source of classification or shelving scheme Damaged status Not for loan Collection code Permanent Location Current Location Shelving location Date acquired Source of acquisition Cost, normal purchase price Total Checkouts Full call number Date last seen Copy number Koha item type
  Dewey Decimal Classification   Not For Loan Non-fiction Central Library, University of Rajshahi Central Library, University of Rajshahi Reading Room 10/09/1956 Golam Hosain 20.00   792.09 WHM 1951 02/12/2019 C-1 Books